| 000 | 00569nam a22001817a 4500 | ||
|---|---|---|---|
| 005 | 20240930111243.0 | ||
| 010 | _aENG-141798 | ||
| 020 |
_a9789393701220 _c399.00 |
||
| 035 | _aEN-125330 | ||
| 037 | _bDBAD | ||
| 082 | _aN | ||
| 100 |
_aKarunatilaka, Shehan _972171 |
||
| 245 |
_aThe Birth Litery and Other Surprises/ _cBy Shehan Karunatilaka |
||
| 260 |
_aGurugram _bHachelle Book Publishing India Pvt Ltd _c2024 |
||
| 270 |
_a4th & 5th Floor, Corporate Centre, Plot No. 94, Sector 44 _bGurugram _e122003 |
||
| 300 |
_a259p. _c20cm.(pb) |
||
| 942 |
_2ddc _cEN _hN _mKAR |
||
| 999 |
_c206000 _d206000 |
||